¿Qué ciudad en España? - Estadísticas

Estadísticas generales
  • Esta prueba ha sido intentada 3.689 veces
  • La puntuación promedio es 13 de 20
Estadísticas de respuestas
Pista Inicial Respuesta % Correcto
Tiene la universidad más antigua del país S Salamanca
94%
Pasa el rio Pisuerga y fue brevemente capital española V Valladolid
86%
Alberga el equipo de fútbol "Celta" V Vigo
84%
Aloja el teatro romano mejor conservado de Hispania M Mérida
82%
Cuenta con las famosas "casas colgantes" C Cuenca
80%
Contiene los jardines de Generalife y una catedral G Granada
78%
Tiene como gentilicio "onubense" H Huelva
76%
Se basó Picasso para dibujar uno de sus cuadros más icónicos G Guernica
75%
Es capital de la isla en la que se encuentra el Teide S Santa Cruz de Tenerife
74%
Es capital de una CCAA famosa por el tapeo y el vino L Logroño
73%
Es reconocida por sus deliciosos torreznos S Soria
73%
Es capital de la region en la que se habla bable O Oviedo
66%
Fue capital de un antiguo reino y se caracteriza por su enorme catedral gótica L León
64%
Es el punto más al sur de toda la Península T Tarifa
64%
Está cerca de Burgos y contiene yacimientos de hace más de un millón de años A Atapuerca
55%
Cayó Godoy durante un famoso motín A Aranjuez
45%
Es el centro de la Península Ibérica y alberga el Cerro de los Ángeles G Getafe
40%
Contiene el impresionante "Peñón de Ifach" C Calpe
27%
Se encuentra en Extremadura y tiene un monasterio de peregrinación G Guadalupe
24%
Da nombre a una de las batallas más conocidas de la Guerra Civil B Belchite
22%
No se encontraron pruebas coincidentes
Distribución de puntuación
Porcentaje de gente con cada puntuación
Porcentaje por número respondido
Historial de tus puntuaciones
No has intentado esta prueba.